000 00712nam a2200265Ia 4500
003 OSt
005 20220918210343.0
006 a|||||r|||| 00| 0
007 ta
008 220917b |||||||| |||| 00| 0 eng d
024 _a120,188
037 _cTextual
040 _aARTS
_cARTS
_beng
041 _2eng
_aeng
082 _aV73,4.N77, L8
100 _aAbbott David
_9117948
245 0 _aPolitical parties
250 _a2nd
260 _aChicago
_bRand McNally College Publishing
_c1978
300 _aviii, p344
_ccm.
650 _aHISTORY
700 _a Rogowsky Edward T
_9117949
942 _hV73,4.N77, L8
_cTEXL
_2CC
999 _c243446
_d243446